| 000 | 02056nam a22003017a 4500 | ||
|---|---|---|---|
| 005 | 20170303100216.0 | ||
| 008 | 170301s1909 fr |||fr|||| 001 0dfre d | ||
| 040 |
_aCO-BoUCM _bspa _cSandra Yazo _dSandra Yazo |
||
| 041 | 0 | _afre | |
| 082 | 0 | 4 |
_220 _a921 |
| 092 | _aE43N008 | ||
| 100 | 1 |
_aBaunard _d1826-1919 _qMgr _984417 |
|
| 242 | 0 | 3 |
_aLa duda y sus víctimas en el siglo actual _cpor Monseñor Baunard |
| 245 | 1 | 3 |
_aLe Doute et ses victimes dans le siècle présent _cpar Mgr. Baunard |
| 260 |
_aParís (Francia) _bLibrairie Vve. Ch. Poussielgue. Librería de la Viuda de Ch. Poussielgue] _bImprimerie Ch. Herissey et Fils [Imprenta de Ch. Herissey e hijos] _c1909 |
||
| 300 |
_a491 páginas _c18 x 12 cm. |
||
| 490 | _aLe Combat de la foi. Études biographiques et apologéthiques [El combate de la fe. Estudios biográficos y apologéticos] | ||
| 500 | _aDetalles físicos: Encuadernación rígida (Holandesa): cartón forrado en papel. Lomo de tela texturizada; con adornos en dorado. Guardas. Anteportada. Portada impresa en una sola tinta. Texto en una sola columna. Notas de pie de página. Notorio deterioro por humedad | ||
| 505 | 0 | _aPalabras iniciales ; Introducción ; Parte 1 - 2: Teodoro Jouffroy ; Maine de Biran ; Santa-Rosa ; Georges Farcy ; Victor Cousin ;Edmond Scherer -- Lord Byron ; Federico Schiller ; Leopardi ; Los poetas de la duda en Francia ; Conclusión | |
| 506 | _aConsulta en sala | ||
| 546 | _aTexto en francés | ||
| 650 | 7 |
_97625 _aFilósofos _ySiglo XIX y XX |
|
| 650 | 7 |
_930990 _aFilósofos _vBiografías |
|
| 650 | 7 |
_99245 _aApologética |
|
| 690 |
_aFilosofía _975 |
||
| 856 | 4 | 1 |
_uhttps://books.google.com.co/books?id=l7VLHzd6AE8C&pg=PA144&lpg=PA144&dq=Le+Doute+et+ses+victimes+dans+le+si%C3%A8cle+pr%C3%A9sent+pour+Baunard&source=bl&ots=Isyb5z0rHt&sig=fmzsFgLprxKwPtbe6_yHbRBmIlg&hl=es&sa=X&redir_esc=y#v=onepage&q=Le%20Doute%20et%20ses%20victimes%20dans%20le%20si%C3%A8cle%20pr%C3%A9sent%20pour%20Baunard&f=false _zDisponible en línea la edición de 1866 |
| 942 |
_2LOCAL _cLIBRO _e1 _hE43N008 |
||
| 999 |
_c306155 _d306155 |
||